Le Guyana pour les touristes... - Facile - Statistiques

Statistiques générales
  • Ce quiz a été pris 5 fois
  • Le résultat moyen est 14 sur 20
Statistiques - réponses
Question Indice Réponses Indice facile % Correct
Combien d'heures (environ) mettrez-vous pour vous y rendre ? (en chiffres) 10
100%
Dans la capitale quel est le décalage horaire avec Paris ? (+ ou - et chiffre) ex - 10 - 6
100%
La conduite se fait à droite ou à gauche ? Gauche
100%
Avez-vous besoin d'un visa ? (oui/non) Non
100%
La vitesse est limitée hors des villes à {100} km/h
80%
Comment se nomme la principale compagnie aérienne locale A G Air Guyana GUARANAIY
80%
Quelles sont les langues officielles ? Anglais
80%
La religion majoritaire est Christianisme C
80%
Quel est le climat local ? E Equatorial
80%
Le suffixe internet est gy
80%
Achats à faire 1/ Objets décorés de Plumes MULESP
80%
Quelles sont les langues officielles ? C Créole
60%
Quelles sont les principaux lieux touristiques ? E {Essequibo} River OBSEQUESI
60%
Le principal aéroport est G Georgetown
60%
Quelles sont les principaux lieux touristiques ? G Georgetown OWGOGERENT
60%
Quelles sont les langues officielles ? H Hindi
60%
Quelles sont les principaux lieux touristiques ? K Chutes de {Kaieteur} EUREKAIT
40%
Achats à faire 2/ Pour faire les courses Panier PARIEN
40%
Quelles sont les langues officielles ? U Urdu
40%
Quelle est la monnaie ? Dollar de Guyana $
20%
Aucun quiz correspondant
Distribution des résultats
% des personnes avec chaque résultat
Percentile par nombre de réponses
Votre historique - résultats
Vous n’avez pas pris ce quiz